Review essay: current and future perspectives on migration. The refugee convention at fifty. The Age of migration . European journal of international migration and ethic relations /
Tallennettuna:
| Päätekijä: | |
|---|---|
| Muut tekijät: | , , |
| Aineistotyyppi: | Teksti |
| Aiheet: | |
| Tagit: |
Lisää tagi
Ei tageja, Lisää ensimmäinen tagi!
|
MARC
| LEADER | 00000 a a2200000 04500 | ||
|---|---|---|---|
| 001 | 4725 | ||
| 003 | |||
| 040 | |||
| 100 | |a Ghani, Navid | ||
| 245 | |a Review essay: |b current and future perspectives on migration. The refugee convention at fifty. The Age of migration . European journal of international migration and ethic relations / |c Navid Ghani | ||
| 500 | |a Reseña de: The refugee convention at fifty/ Joanne van Selm et al...New York: Lexington Books, 2003. -- The Age../ Stephen Castles , Mark J. Miller. New York: Palgrave Macmillan, 2003. -- European Journal of..., 2002 | ||
| 520 | |||
| 650 | |a MIGRACION | ||
| 650 | |a MIGRANTES | ||
| 650 | |a REFUGIADOS | ||
| 650 | |a ASIMILACION DE MIGRANTES | ||
| 650 | |a ACULTURACION | ||
| 650 | |a RESEÑAS BIBLIOGRAFICAS | ||
| 700 | |a reseñador |a Selm, Joanne van | ||
| 700 | |a Castles, Stephen | ||
| 700 | |a Miller, Mark J. | ||
| 773 | |g volumen 53, número 3; páginas 509-518 | ||
| 999 | |c 21383 |d 21383 | ||
